000 00953nam a2200289Ia 4500
005 20260324115745.0
008 008 260324s9999 xx 000 0 eng d
020 _a9780429225659
037 _aEBOOK
040 _aCRL
040 _beng
040 _cCRL
041 _2eng
041 _aeng
084 _qCRL
100 _aKrzysztof Wilde; Michal Kleiber; Tadeusz Burczynski; Jaroslaw Gorski; Lukasz Smakosz; Karol Winkelmann
_91155895
245 0 _aAdvances in Mechanics: Theoretical, Computational and Interdisciplinary Issues
245 0 _bProceedings of the 3rd Polish Congress of Mechanics (PCM) and 21st International Conference on Computer Methods in Mechanics (CMM), Gdansk, Poland, 8-11 September 2015
260 _bTaylor and Francis
260 _c2016
365 _a
365 _b560
856 _uhttp://www.taylorfrancis.com/books/9780429225659
942 _cEBOOK
999 _c1747001
_d1747001